Research methods
Saved in:
| Main Author: | |
|---|---|
| Format: | Unknown |
| Published: |
Bangalore
Thomson Asia
2001
|
| Edition: | 5th ed. |
| Subjects: | |
| Online Access: | Visit NHRC Library |
| Tags: |
Add Tag
No Tags, Be the first to tag this record!
|
| LEADER | 00730 a2200217 4500 | ||
|---|---|---|---|
| 003 | 1343 | ||
| 005 | 20220906184533.0 | ||
| 952 | |0 0 |1 0 |2 lcc |4 0 |6 WA 00020.00005/MCB/02001 |7 0 |9 193 |a NHRC |b NHRC |c CART |d 2012-04-02 |l 0 |o WA 20.5/MCB/2001 |p 001343 |r 2012-04-02 |w 2012-04-02 |y BK | ||
| 999 | |c 191 |d 191 | ||
| 020 | |a 9812403701 | ||
| 060 | |a WA 20.5 | ||
| 100 | |a McBcBurney, Donald |9 2923 | ||
| 245 | |a Research methods | ||
| 250 | |a 5th ed. | ||
| 260 | |a Bangalore |b Thomson Asia |c 2001 | ||
| 300 | |a 450p. |b xiii | ||
| 500 | |a Book | ||
| 546 | |a Eng. | ||
| 650 | |a Research methods |a Psychology, experimental methodology |a Psychology research methodology |a Research methods |9 2924 | ||
| 856 | |u http://nhrc.gov.np/contact/ |y Visit NHRC Library | ||
| 942 | |2 NLM |c BK | ||